1449 1720 1048 1772 1209 1742 1210 1691 1627 1108 1624 1852 1070 1819 1184 1097 1136 1852 1770 1864 1006 1916 1375 1835 1156 1839 1105 1813 1545 1582 1008 1362 1497 1329 1838 1244 1799 1060 1768 1176 1838 1704 1705 1117 1148 1979 1378 1301 1554 1141 1823 1234 1546 1796 1190 1237 1989 1970 1458 1943 1786 1763 1261 1039 1693 1205 1566 1137 1736 1424 1907 1954 1603 1588 1009 1667 1451 1960 1493 1527 1180 1702 1172 1858 1773 1834 1944 1574 1709 1608 1691 1514 1705 1854 1474 1383 1113 1399 1924 BCNSPRNW ULIB Ver.6.0+V

เปลี่ยนเป็นภาษาไทย

Change to English
 แสดงรายละเอียดบรรณานุกรม
  กลับหน้าหลัก

Brief Record : Get Marc (ISO 2709) : E-mail record : QR code < ปิดหน้าต่าง
LEADER : 00000nam 2200000uu 4500
001    13399113151
003     ULIB
008    110928s2550||||th 000 0 tha d
020    9789744896612
050 04 QA76.75^bช576ค 2550
100 0  ชิษณุพงศ์ ธัญญลักษณ์
245 10 คู่มือ Visio 2003 ฉบับสมบูรณ์ /^cชิษณุพงศ์ ธัญญลักษณ์
250    พิมพ์ครั้งที่ 1
260    กรุงเทพฯ :^bซัคเซส มีเดีย,^c2550
300    224 หน้า :^bภาพประกอบ ;^c22 ซม
650  7 ไมโครซอฟต์วิสิโอ
650  7 โปรแกรมคอมพิวเตอร์
650  7 ผังงาน^xโปรแกรมคอมพิวเตอร์
740 0  Visio 2003 ฉบับสมบูรณ์
945    ^p189^l0^i024659
945    ^p189^l0^i024660
995    ทศพร
999 ^a ทศพร
รายการนี้ยังไม่มีแท็ก
คุณยังไม่ได้ล็อกอิน คุณสามารถมีกิจกรรมร่วมกับเว็บไซต์ได้ แต่ต้องล็อกอินก่อน ::
  ล็อกอิน

รายการสื่อสารสนเทศ

ลำดับที่ ประเภท เลขเรียก/บาร์โค้ด สถานที่ สถานะ
- ไม่พบข้อมูล -

รายการใกล้เคียง
    หัวเรื่อง [โปรแกรมคอมพิวเตอร์]

BibComment


ยังไม่เคยถูกคอมเมนท์

คอมเมนท์ทรัพยากรรายการนี้
  คอมเมนท์: คู่มือ Visio 2003..


 Copyright 2026. Bcnsprnw @Library